000 01172nam0a22002411 4500
001 rc\4388613
005 20260407212702.0
021 _aRU
_bРг10629-67
035 _a(NLR Aleph) 008292920
090 _a8587566
_c8587566
100 _a20130416d1967 |||y0rusy50 ca
101 0 _arus
102 _aRU
105 _ay z |||||
200 1 _aВременные нормы выработки и расценки на выполняемые работы по паспортизации оросительных, осушительных и обводнительных систем и сооружений на них на территории Украинской ССР
_eУтв. 30/III 1967 г.
_fМ-во мелиорации и водного хоз-ва УССР
210 _aКиев
_cУкр. науч.-исслед. ин-т гидротехники и мелиорации
_d1967
215 _a7 с.
_d30
712 0 1 _aУССР
_bМинистерство мелиорации и водного хозяйства
_9778740
_3RU\NLR\AUTH\8810141995
801 0 _aRU
_bNLR
_gpsbo
801 1 _aRU
_bELAR
_2rusmarc
852 _aNLR
_jПт 86-9/312
942 _cBOOK
980 _aNB